000 00350nam a2200145Ia 4500
008 150201s2000 xx 000 0 und d
082 _a612
_bH2000C
100 _aCHATTERJEE,C.C.
245 _aHUMAN PHYSIOLOGY
250 _a11TH
260 _bMEDICAL ALLIED AGENCY
_aCALCUTTA
_c2000
300 _a1-759
650 _aPHYSIOLOGY
942 _2ddc
_cBK
_02
999 _c2464
_d2464